Statistics for fnaf by frisk

Click here to take the quiz!

General Stats

  • This quiz has been taken 162 times
  • The average score is 14 of 36

Answer Stats

Answer% Correct
ffreddy
99%
ffoxy
94%
bbonnie
93%
cchica
92%
bballoon boy
51%
ppuppet
51%
ttoy bonnie
50%
ttoy freddy
50%
ttoy chica
49%
sspringtrap
44%
nnightmare
43%
ffuntime foxy
42%
jjj
42%
pphantom freddy
42%
nnightmare chica
41%
nnightmare freddy
41%
ffuntime freddy
40%
nnightmare bonnie
40%
nnightmare foxy
39%
pphantom chica
38%
pphantom foxy
38%
bbaby
36%
pphantom balloon boy
33%
pphantom puppet
32%
bbonbon
22%
pplushtrap
21%
ccupcake
15%
ffnaf1
13%
ffnaf2
12%
ffnaf3
12%
ffnaf4
12%
ssister location
9%
gfg freddy
6%
bballoria
3%
mmrs bonbon
2%
yyundo
2%

Score Distribution

Percentile by Number Answered

Percent of People with Each Score

Your Score History

You have not taken this quiz